| 000 | 01259nam0a22002891 4500 | ||
|---|---|---|---|
| 001 | v19\rc\1761457 | ||
| 005 | 20061204160140.4 | ||
| 035 | _a(NLR Aleph) 004861842 | ||
| 090 |
_a5018483 _c5018483 |
||
| 100 | _a20061204d1903 |||y0rusy50 ca | ||
| 101 | 0 | _arus | |
| 102 | _aRU | ||
| 105 | _ay z ||||| | ||
| 200 | 1 |
_aСпособ определения удельного веса образцов сортового железа, доставленных Постоянной комиссией по нормальному сортаменту _f[Н. Курнаков, Н. Подкопаев] _gХим. лаб. Горн. ин-та... |
|
| 210 |
_a[Санкт-Петербург _d1903] |
||
| 215 |
_a[6] с. _d36 |
||
| 300 | _aАвт. указан в конце текста | ||
| 309 | _aБез тит. л. и обл. | ||
| 700 | 1 |
_aКурнаков _bН. С. _f1860-1941 _gНиколай Семенович |
|
| 701 | 1 |
_aПодкопаев _bН. И. _gНиколай Иванович |
|
| 712 | 0 | 2 |
_aПостоянная комис. по нормальному сортаменту _cПетербург |
| 801 | 0 |
_aRU _bNLR _gpsbo |
|
| 801 | 0 |
_aRU _bRuMoRGB _2psbo |
|
| 801 | 1 |
_aRU _bProSoft-M _2rusmarc |
|
| 852 |
_aNLR _j64-10/102 |
||
| 942 | _cBOOK | ||
| 980 | _aNB | ||